| Registos Bibliográficos associados ao registo de autoridade |
|
Etiqueta de registo: 00254nam 2200025 450 001 2289151 003 http://id.bnportugal.gov.pt/bib/catbnp/2289151 100 ## $a20260629d2025 k y0pory01030103ba 101 0# $apor$deng 102 ## $aPT 105 ## $aa m 000yy 106 ## $ar 200 1# $aTransformações e convergências da sonoridade orquestral entre os meios audiovisuais
e as plataformas digitais no séc. XXI$fJoana dos Reis Freitas$gorient. Paula Gomes-Ribeiro 210 #9 $aLisboa$c[s.n.],$d2025 215 ## $aXIII, 316, XLIII p.$cil.$d30 cm 328 #1 $aTese dout. Ciências Musicais (Ciências Musicais Históricas), Faculdade de Ciências
Sociais e Humanas, Universidade NOVA de Lisboa, 2025 700 #1 $aFreitas,$bJoana dos Reis,$f1994-$32002038 702 #1 $aRibeiro,$bPaula Gomes$4727$31735673 801 #0 $aPT$bBN$gRPC 966 ## $lBN$mFGMON$x1 971 ## $cssilva$d20260629
|
|
|